| 000 | 01378nam a22003255a 4500 | ||
|---|---|---|---|
| 001 | 15589696 | ||
| 005 | 20090116072201.0 | ||
| 008 | 090115s2009 nyu |r 001 0 eng | ||
| 010 | _a 2009920957 | ||
| 020 | _a9780387710020 (hardcover : alk. paper) | ||
| 020 | _a0387710027 (hardcover : alk. paper) | ||
| 020 | _a9780387710037 (ebook) | ||
| 040 |
_aDLC _cDLC |
||
| 082 |
_222 _a004.35 _bCHA |
||
| 100 | 1 |
_aChakravarthy, Sharma. _912050 |
|
| 245 | 1 | 0 |
_aStream Data Processing : _bA Quality of Service Perspective, Modeling, Scheduling, Load Shedding, and Complex Event Processing / _cSharma Chakravarthy, Qingchun Jiang. |
| 260 |
_aNew York : _bSpringer, 2009 _c2009. |
||
| 263 | _a0904 | ||
| 300 |
_a324 p.: _bill. ; _c23 cm. |
||
| 490 | 0 |
_aAdvances in Database Systems ; _v37 |
|
| 504 | _aIncludes bibliographical references (p.295-314) and index | ||
| 650 |
_912047 _aData flow computing |
||
| 650 |
_911339 _aparallel processing (Electronic computers) |
||
| 650 |
_911309 _aDatabase management. |
||
| 700 |
_912049 _aJiang, Qingchun |
||
| 942 |
_2ddc _cNB |
||
| 999 |
_c13544 _d13544 |
||